000 00430nam a22001577a 4500
999 _c18382
_d18382
008 200729b xxu||||| |||| 00| 0 eng d
020 _a0815358305
050 _aPE1112
_b.N45 2019 c.1
100 _aNelson, Gerald
245 _aEnglish
_bAn essential grammar
_cGerald Nelson
250 _a3rd ed.
260 _aNew York
_bRoutledge
_c2019
300 _axviii, 244p.
650 _aEnglish Language
_vGrammar
942 _2lcc
_cBK